Citations Seigneur des Anneaux #3 - Statistiques

Statistiques générales
  • Ce quiz a été pris 155 fois
  • Le résultat moyen est 12 sur 16
Statistiques - réponses
Hint Réponse % Correct
« Fuyez, pauvres fous ! » Gandalf
99%
« Crétin de Touque ! [...] C'est un crétin, mais un crétin honnête au moins » Gandalf
94%
« Un soleil rouge se lève, beaucoup de sang a coulé cette nuit » Legolas
93%
« Il bouge encore parce que ma hache est enfoncée dans son système nerveux ! » Gimli
92%
« Il y a du bon en ce monde, monsieur Frodon, et il faut se battre pour cela. » Sam
89%
« La Comté !... Sacquet !... » Gollum
83%
« Souviens-toi de ce jour, petit frère. Aujourd’hui, la vie est belle ! » Boromir
80%
« Cela ne se peut… » Aragorn
70%
« Nous pourrions les mener à elle… » Gollum
70%
« Il est fort dangereux, Frodon, de sortir de chez soi. On prend la route, et, si on ne regarde pas où l’on met les pieds, on ne sait pas jusqu’où cela peut nous mener » Bilbon
65%
« Qui suis-je, Gamlin ? » Théoden
65%
« Ne soyez pas si hâtif, maîtres Mériadoc » Sylvebarbe
59%
« Mais que peuvent les hommes face à tant de haine ? » Théoden
59%
« Je vous couperais volontiers la tête, si elle sortait un peu plus du sol » Eomer
57%
« De la vraie corde elfique » Frodon
57%
« De quoi ont-elles l’air ? » Pippin
46%
Aucun quiz correspondant
Distribution des résultats
% des personnes avec chaque résultat
Percentile par nombre de réponses
Votre historique - résultats
Vous n’avez pas pris ce quiz